Solvency II

Saved in:
Bibliographic Details
Main Author: Kafková, Eva
Other Authors: Širá, Elena
Format: Book Chapter
Language:English
Subjects:
Tags: Add Tag
No Tags, Be the first to tag this record!

MARC

LEADER 00000naa$a2200000$$$4500
001 0053922
005 20250707073555.3
041 0 |a eng 
044 |a SK 
245 1 0 |a Solvency II  |c Eva Kafková, Elena Širá 
610 2 0 |a solventnosť 
610 2 0 |a poisťovne 
610 2 0 |a risk management 
610 2 0 |a riziko 
100 1 |a Kafková, Eva 
700 1 |a Širá, Elena